Entry Nombre personal
001 - NÚMERO DE CONTROL
- campo de control: 95907
003 - IDENTIFICADOR DE NÚMERO DE CONTROL
- campo de control: SpMaBN
005 - FECHA Y HORA DE LA ÚLTIMA TRANSACCIÓN
- campo de control: 20250730223256.0
008 - ELEMENTOS DE DATO DE LONGITUD-FIJA
- campo de control de longitud fija: 140117n #azznnaabn a aaa
040 ## - FUENTE DE CATALOGACIÓN
- Centro catalogador/agencia de origen: SpMaBN
- Lengua de catalogación: spa
- Centro/agencia transcriptor: SpMaBN
- Normas de descripción: rdc
- Convención/Normas de encabezamiento de materia/tesauro: embne
046 ## - FECHAS CON CODIFICACIÓN ESPECIAL
- Fecha de nacimiento: 1864
- Fecha de la muerte: 1936
100 1# - ENCABEZAMIENTO-NOMBRE DE PERSONA
- Nombre de persona: Régnier, Henri de,
- Fechas asociadas al nombre: 1864-1936
400 1# - TRAZADO DE VÉASE--NOMBRE DE PERSONA
- Nombre de persona: Régnier, Enrique de,
- Fechas asociadas al nombre: 1864-1936
670 ## - FUENTE DE DATOS ENCONTRADOS
- Cita de la fuente: L'altana ou La vie vénitienne, 1928
- Información encontrada: port. (Henri de Régnier)
670 ## - FUENTE DE DATOS ENCONTRADOS
- Cita de la fuente: La ilusión de heroismo de Tito Bassi, 1921
- Información encontrada: port. (Enrique de Régnier)
670 ## - FUENTE DE DATOS ENCONTRADOS
- Cita de la fuente: WWW BnF aut., 17-1-2014
- Información encontrada: (Régnier, Henri de; 1864-1936)
